000 01259nam a22003137a 4500
001 67441
003 DO-SdBPM
005 20250129095249.0
007 67441
008 161018b2006 ck |||| 00| 0 spa d
020 _a9586773493
040 _aDO-SdBPM
_bspa
_cBPMSU
082 4 _aR928.03
_bD722m 2006
_222
245 0 0 _a 2.500 años de literatura universal :
_bconsultor bibliográfico y literario /
_c actualización Mario Méndez ; colaboradores Gilberto Loaiza Cano ... [et al.].
246 1 3 _aDos mil quinientos años de literatura universal :
_bconsultor bibliográfico y literario
250 _aCoordinación editorial Fanny Zamora Nieto.
260 _aBogotá, Colombia :
_bZamora Editores,
_c2006.
300 _a1370 p. ;
_b27 cm.
500 _aIncluye índice.
505 0 _aAutores de cuento, drama, ensayo, historia, leyenda, metafísica, mito, novela, poesía, prosa, teatro.
650 4 _aLiteratos
_vBiografías
_vDiccionarios
650 4 _aAutores
_vBiografías
_vDiccionarios
650 4 _aObras literarias
_vDiccionarios
700 1 _aMéndez, Mario.
_eeditor
700 1 _aLoaiza Cano, Gilberto,
_d1963-
700 1 _aZamora Nieto, Fanny,
_qeditora
910 _aVMateo V. Control de calidad. BPMSU
942 _2ddc
_cBK
999 _c11590
_d11590